LIBRARY & INFORMATION CENTRE, KCAET, TAVANUR

ONLINE PUBLIC ACCESS CATALOGUE (OPAC)

Mastering harward graphics 3 / (Record no. 9587)

MARC details
000 -LEADER
fixed length control field 00521cam a2200205ua 4500
020 ## - INTERNATIONAL STANDARD BOOK NUMBER
ISBN 981-3005-84-X
041 ## - LANGUAGE CODE
Language code of text/sound track or separate title eng
082 ## - DEWEY DECIMAL CLASSIFICATION NUMBER
Classification number 006.6
Item number LAR/MA
100 ## - MAIN ENTRY--AUTHOR NAME
Personal name Larsen, Glenn H .
245 ## - TITLE STATEMENT
Title Mastering harward graphics 3 /
250 ## - EDITION STATEMENT
Edition statement 1 /
260 ## - PUBLICATION, DISTRIBUTION, ETC. (IMPRINT)
Place of publication :
Name of publisher Tech Publications ,
Year of publication 1991.
300 ## - PHYSICAL DESCRIPTION
Number of Pages 538 ; .
500 ## - GENERAL NOTE
General note 17964 - CSS
700 1# - ADDED ENTRY--PERSONAL NAME
Personal name Larsen, Kristopher A .
942 ## - ADDED ENTRY ELEMENTS (KOHA)
Koha item type Books
Holdings
Withdrawn status Lost status Damaged status Home library Current library Date acquired Cost, normal purchase price Full call number Accession Number Koha item type
      KAUAET   07/04/2012 480.00 006.6 17964 Books
Withdrawn     KAUAET KAUAET 05/02/2025 480.00 006.6 LAR/MA 17965 Books
free website counter